000
00191nam a2200085 4500
001
1257622
005
20260217113927.0
245
_a
MO'NUN GİZEMİ
_c
GÜLTEN DAYIOĞLU
260
_b
ALTIN KİTAPLAR
999
_c
1257622
_d
1257622